| 000 | 01149nam a2200325 a 4500 | ||
|---|---|---|---|
| 008 | |||
| 020 | _a9780128031612 (hardback) | ||
| 040 |
_aNUST _cNUST |
||
| 049 | _aMAIN | ||
| 090 |
_aREF RM315 _bTRA |
||
| 245 | 1 | 0 |
_aHandbook of behavioral neuroscience : _btranslational medicine in CNS drug development volume 29/ _cedited by George G Nomikos & Doglas E Feltner. |
| 260 |
_aLondon : _cAcademic Press, _c2019. |
||
| 300 |
_axvi, 442 pages : _billustrations (some colour) ; _c29 cm. |
||
| 336 |
_atext _btxt _2rdacontent |
||
| 337 |
_aunmediated _bn _2rdamedia |
||
| 338 |
_avolume _bnc _2rdacarrier |
||
| 500 | _aIncludes index. | ||
| 504 | _aIncludes bibliographical references. | ||
| 650 | 1 | _aDrug development. | |
| 650 | _aNeuropsychopharmacology. | ||
| 650 | _aBiochemical markers. | ||
| 650 |
_aCentral nervous system _xDiseases _vTreatment. |
||
| 650 | _aCognitive neuroscience. | ||
| 700 |
_aNomikos, George G., _aeditor. |
||
| 700 |
_aFeltner, Douglas E., _aeditor. |
||
| 907 |
_a.b10414988 _b03-03-22 _c02-03-22 |
||
| 003 | |||
| 005 | 20230120191441.0 | ||
| 942 |
_cBOOKS _kREF RM315 _mTRA |
||
| 999 |
_c101347 _d101347 |
||